000 02849cam a22005654i 4500
003 PE-LiUPU
005 20250731184533.0
008 150623s1999 pe a rb 000 0 spa d
035 _a(Sirsi) a23347
040 _aPE-LiUPU
_bspa
_cPE-LiUPU
_erda
082 0 4 _a999
_bP45
_221
111 2 _aExpedición Peruana a la Antártida
_n10º.
_d1998-1999
245 1 0 _aInforme sobre las actividades científicas de la décima Expedición Peruana a la Antártida :
_bactividades realizadas diciembre 1998 marzo 1999, actividades futuras: período 2000-2005 /
_cComisión Nacional de Asuntos Antárticos.
264 1 _aLima :
_bComisión Nacional de Asuntos Antárticos,
_c[1999].
300 _a485 páginas :
_bilustraciones, gráficos, cuadros ;
_c30 cm.
336 _atext
_2rdacontent
337 _aunmediated
_2rdamedia
338 _avolume
_2rdacarrier
500 _aEdición Bilingüe.
504 _aBibliografía: página 448.
505 0 _aArea de ciencias del mar: biología, biotecnología, oceanografía -- Area de medio ambiente costero antártico -- Area de ciencias de la atmósfera y del espacio -- Area de ciencias de la tierra -- Area de ciencias de la vida -- Area de tecnología e ingeniería.
526 _aP136
526 _aP135
526 _aP134
526 _aP133
526 _aP144
526 _aP143
526 _aP87
526 _aP35
526 _aP20
526 _aP14
526 _aP10
526 _aP06
650 0 4 _aExpediciones científicas
_zPerú
_ySiglo XX.
650 0 4 _aAntártida
_xExploración.
910 _cigq
942 _2ddc
_cBOOK
949 _a999 P45
_wDEWEY
_c1
_i47477
_lCCODEBUL1
_mBUL
_p00.00
_r0
_sY
_tBOOK
_u2015-06-24
_xBIBLIOTECA
_zUNKNOWN
_0COMPRA
_o.STAFF. Colección General
949 _a999 P45
_wDEWEY
_c2
_i47478
_lCCODEBUL1
_mBUL
_p00.00
_r0
_sY
_tBOOK
_u2015-06-24
_xBIBLIOTECA
_zUNKNOWN
_0COMPRA
_o.STAFF. Colección General
949 _a999 P45
_wDEWEY
_c3
_i47479
_lCCODEBUL1
_mBUL
_p00.00
_r0
_sY
_tBOOK
_u2015-06-24
_xBIBLIOTECA
_zUNKNOWN
_0COMPRA
_o.STAFF. Colección General
596 _a1 2
999 _a999 P45
_wDEWEY
_c24014
_i47477
_f2021-11-8
_g5
_lCCODEBUL1
_mBUL
_r0
_sY
_tBOOK
_u2015-6-24
_xBIBLIOTECA
_zUNKNOWN
_0COMPRA
_o.STAFF. Colección General
_d24014
999 _a999 P45
_wDEWEY
_c2
_i47478
_f2021-11-8
_g5
_lCCODEBUL1
_mBUL
_r0
_sY
_tBOOK
_u2015-6-24
_xBIBLIOTECA
_zUNKNOWN
_0COMPRA
_o.STAFF. Colección General
999 _a999 P45
_wDEWEY
_c3
_i47479
_f2021-11-8
_g5
_lCCODEBUL1
_mBUL
_r0
_sY
_tBOOK
_u2015-6-24
_xBIBLIOTECA
_zUNKNOWN
_0COMPRA
_o.STAFF. Colección General
999 _a999 P45 2005
_wDEWEY
_c1
_iFT00369
_f2019-2-20
_g1
_lCCODEBUT1
_mBUT
_p20.00
_r0
_sY
_tBOOK
_u2016-2-12
_xBIBLIOTECA
_zUNKNOWN
_0DONACION
_o.STAFF. Colección General
980 _81
_gALBERTO SANCHEZ Responsable de Automatización